Economía Urbana

Uloženo v:
Podrobná bibliografie
Hlavní autor: Mills, Edwin S. (autor)
Médium: Kniha
Jazyk:španělština
Vydáno: Ciudad de México Diana 1975
Témata:
Tagy: Přidat tag
Žádné tagy, Buďte první, kdo vytvoří štítek k tomuto záznamu!

MARC

LEADER 00000nam a2200000 a 4500
001 UCU2654
003 CL-VaPUC
008 960426e19750000MX |||||||||||||||||spa|d
082 0 4 |a 330.91  |b MIL  |2 21 
100 |a Mills, Edwin S.  |e autor  |9 358991 
245 1 0 |a Economía Urbana 
300 |a 328 p 
942 |c BK 
945 |d 19960426 00:00:00  |a paguirre 
260 |a Ciudad de México  |b Diana  |c 1975 
650 0 |a Economía   |9 255568 
650 0 |a Zonas urbanas  |9 337776 
650 0 |a Ciudades  |9 265474 
650 0 |a Urbanización   |9 265706 
650 0 |a Pobreza  |9 258652 
650 7 |a CONTAMINACION  |2 CL-VaPUC  |9 258139 
650 7 |a TRANSPORTE  |2 CL-VaPUC  |9 256365 
650 0 |a Gobierno   |9 255508 
650 0 |a Finanzas públicas   |9 358992 
650 0 |a Transporte urbano  |9 260307 
583 |a last modification  |c 19960426 00:00:00  |k Rodrigo Vera 
999 |c 246895  |d 246893 
952 |0 0  |1 0  |4 0  |6 330_910000000000000_MIL_1975  |7 0  |8 A  |9 262250  |a BIBING  |b BIBING  |d 2019-11-19  |i 1642472  |o 330.91 MIL 1975  |p 1642472  |r 2025-01-20  |w 2019-11-19  |y BK  |k GEO 
952 |0 0  |1 0  |4 0  |6 330_910000000000000_MIL_1975  |7 0  |8 A  |9 262251  |a BIBING  |b BIBING  |d 2019-11-19  |i 1642871  |o 330.91 MIL 1975  |p 1642871  |r 2025-01-20  |w 2019-11-19  |y BK  |k GEO